| 000 | 00396nam a2200157Ia 4500 | ||
|---|---|---|---|
| 008 | 210210b1987 xxu||||| |||| 00| 0 eng d | ||
| 082 | _a547 SONT | ||
| 100 | _aSONI (P L). | ||
| 245 | _aText book of organic chemistry.Ed 20. | ||
| 250 | _a | ||
| 260 |
_aN D _bSultan Chand & Sons _c1987 |
||
| 300 | _axxiv,3.332 | ||
| 650 | _aOrganic Chemistry | ||
| 690 | _aOrganic Chemistry | ||
| 906 | _a040594 | ||
| 999 |
_c90394 _d90394 |
||